01163nam a22001817a 450000500170000000800410001702000180005804000070007604100120008308200210009510000270011624500330014326000420017630000280021836500530024652006590029965000230095820220113111312.0220113b ||||| |||| 00| 0 eng d a9789387779846 cAL aEnglish 223a823.91bDOYC aSir Arthur Conan Doyle acase book of Sherlock Holmes aNew DelhibFingerprint Classicsc2020 a320p.bPBc19.9x12.5cm. 2Generala4477b155.22c₹d199e22%f18-12-2021 a“When you have eliminated all which is impossible, then whatever remains, however improbable, must be the truth.” From cases that baffle the clients to the ones that leave even the police bemused, Sherlock Holmes can solve it all. A collection of the twelve final adventures of Sherlock Holmes, The Case-Book of Sherlock Holmes includes ‘The Problem of the Thor Bridge,’ ‘The Adventure of the Sussex Vampire,’ ‘The Adventure of the Retired Colourman,’ ‘The Adventure of the Three Garridebs,’ and ‘The Adventure of the Illustrious Client.’ Rip-roaring and spine-chilling, these stories have been intriguing readers for generations. aEnglish Literature